000 00980cam a2200301 a 4500
005 20260322212027.0
008 data
010 _a 2011002585
020 _a9781608820290 (pbk.)
020 _a1608820297 (pbk.)
020 _a9781608820306 (pdf ebook)
020 _a1608820300 (pdf ebook)
020 _a1608820297
040 _aDLC
_cDLC
_dDLC
_dBTCTA
_dYDXCP
_dVP@
_dBWX
_dWIQ
_dQBX
_dDLC
042 _apcc
050 0 0 _aBF575.A5
_bP87 2011
082 0 0 _a152.4/7
_222
092 _a152.4 P87 2011
100 1 _aPotter-Efron, Ronald T.
245 1 0 _a30-minute therapy for anger :
_beverything you need to know in the least amount of time /
_cRonald T. Potter-Efron & Patricia S. Potter-Efron.
246 3 _aThirty-minute therapy for anger
260 _aOakland, CA :
_bNew Harbinger Publications,
_cc2011.
300 _aiv, 108 p. :
_bill. ;
_c18 cm.
504 _aIncludes bibliographical references.
650 0 _aAnger.
700 1 _aPotter-Efron, Patricia S.
001 data
999 _c616
_d616